000 00674nam a2200205Ia 4500
001 17889
003 GE_BSU
008 181216s||||||||xx |||||||||||||| ||und||
040 _cGE_BSU
080 _a821.353.1-11
100 _aვაკელი, იონა (იონა ლუკას ძე მეგრელიძე)
245 _aორი პოემა
260 _a[ტფილისი]
260 _bსახელგამის გა-მა
260 _c1934
300 _a101 გვ. ; 18 სმ.
653 _aორი პოემა
653 _aპოემა საბჭოთა დღეებზე; ევროპა
942 _cBK
999 _c50934
_d50934